Витязь в тигровой шкуре: пер. с груз.

التفاصيل البيبلوغرافية
المؤلف الرئيسي: Руставели Ш. Шота
مؤلفون آخرون: Нуцубидзе Ш. Шалва (переводчик)
اللغة:الروسية
منشور في: Тбилиси, Мерани, 1977
الموضوعات:
التنسيق: كتاب
KOHA link:https://koha.lib.tpu.ru/cgi-bin/koha/opac-detail.pl?biblionumber=113842

MARC

LEADER 00000nam0a2200000 4500
001 113842
005 20231101215144.0
035 |a (RuTPU)RU\TPU\book\123108 
090 |a 113842 
100 |a 20070417d1977 m y0rusy50 ca 
101 1 |a rus  |c gex 
102 |a GE 
105 |a a z 001gy 
200 1 |a Витязь в тигровой шкуре  |e пер. с груз.  |f Ш. Руставели  |g пер. Ш. Нуцубидзе 
210 |a Тбилиси  |c Мерани  |d 1977 
215 |a 238 с.  |c 96 с. ил. 
320 |a Пояснительный словарь: с. 238-239 
606 1 |a Грузинская литература  |2 stltpush  |3 (RuTPU)RU\TPU\subj\8671  |9 36034 
610 1 |a поэмы 
610 1 |a поэзия 
675 |a 894.631  |v 3 
700 1 |a Руставели  |b Ш.  |c грузинский поэт  |c мыслитель-гуманист  |f 12 век  |g Шота  |2 stltpush  |3 (RuTPU)RU\TPU\pers\13066  |9 3766 
702 1 |a Нуцубидзе  |b Ш.  |g Шалва  |4 730 
801 1 |a RU  |b 63413507  |c 20070417  |g PSBO 
801 2 |a RU  |b 63413507  |c 20200519  |g PSBO 
942 |c BK